Cambridge primary Science ; (Record no. 10099)

MARC details
000 -LEADER
fixed length control field 01207nam a22002897a 4500
001 - CONTROL NUMBER
control field 10099
003 - CONTROL NUMBER IDENTIFIER
control field FISKH
005 - DATE AND TIME OF LATEST TRANSACTION
control field 20260408103855.0
008 - FIXED-LENGTH DATA ELEMENTS--GENERAL INFORMATION
fixed length control field 260408b cb ||||| |||| 00| 0 eng d
020 ## - INTERNATIONAL STANDARD BOOK NUMBER
International Standard Book Number 9781108742771
040 ## - CATALOGING SOURCE
Original cataloging agency FISKH
Language of cataloging eng
Transcribing agency FISKH
Modifying agency FISKH
050 ## - LIBRARY OF CONGRESS CALL NUMBER
Classification number Q163 .B63 2021
082 ## - DEWEY DECIMAL CLASSIFICATION NUMBER
Classification number 507.1
100 ## - MAIN ENTRY--PERSONAL NAME
Personal name Board, Jon
245 ## - TITLE STATEMENT
Title Cambridge primary Science ;
Remainder of title Workbook 3 /
Statement of responsibility, etc. Jon Board & Alan Cross
250 ## - EDITION STATEMENT
Edition statement This edition published in 2021
260 ## - PUBLICATION, DISTRIBUTION, ETC.
Place of publication, distribution, etc. New York :
Name of publisher, distributor, etc. Cambridge University Press,
Date of publication, distribution, etc. 2014
300 ## - PHYSICAL DESCRIPTION
Extent 84 pages :
Other physical details illustrations ;
Dimensions 28 cm
520 ## - SUMMARY, ETC.
Summary, etc. This workbook provides practice activities for learners studying Cambridge Primary Science Stage 3. It helps students review what they have learned and develop scientific thinking through Focus, Practice, and Challenge exercises, along with drawing and writing tasks that strengthen science vocabulary and language skills. It is suitable for classroom use or homework.
650 ## - SUBJECT ADDED ENTRY--TOPICAL TERM
Topical term or geographic name entry element Science
Form subdivision Study
650 ## - SUBJECT ADDED ENTRY--TOPICAL TERM
Topical term or geographic name entry element Cambridge
Form subdivision Primary
650 ## - SUBJECT ADDED ENTRY--TOPICAL TERM
Topical term or geographic name entry element Scientific inquiry
Form subdivision Study and teaching
650 ## - SUBJECT ADDED ENTRY--TOPICAL TERM
Topical term or geographic name entry element Problems
Form subdivision Workbooks
700 ## - ADDED ENTRY--PERSONAL NAME
Personal name Cross, Alan
Relator term Illustrator
942 ## - ADDED ENTRY ELEMENTS (KOHA)
Source of classification or shelving scheme Dewey Decimal Classification
Koha item type Books
Suppress in OPAC No
Holdings
Withdrawn status Lost status Source of classification or shelving scheme Damaged status Not for loan Collection Home library Current library Shelving location Date acquired Total Checkouts Full call number Barcode Date last seen Copy number Price effective from Koha item type
    Dewey Decimal Classification     Reference Footprints International School Library Network Toul Tom Poung Campus Footprints International School Library Network Toul Tom Poung Campus Librarian's Shelf TTP 04/08/2026   BOA 507.1 Q163 .B63 2026-0471 04/08/2026 1 04/08/2026 Books